Library Banner

Civil law cases [CLC] [2016, Vol. XXXVIII] / (Record no. 95804)

MARC details
000 -LEADER
fixed length control field 00420nam a22001457a 4500
005 - DATE AND TIME OF LATEST TRANSACTION
control field 20220119123214.0
008 - FIXED-LENGTH DATA ELEMENTS--GENERAL INFORMATION
fixed length control field 170727b xxu||||| |||| 00| 0 eng d
040 ## - CATALOGING SOURCE
Transcribing agency PK-LaUMT
082 ## - DEWEY DECIMAL CLASSIFICATION NUMBER
Classification number 346.00264095491
Item number CIV-
245 ## - TITLE STATEMENT
Title Civil law cases [CLC] [2016, Vol. XXXVIII] /
Statement of responsibility, etc edited by Muhammad Anwar Khokhar
260 ## - PUBLICATION, DISTRIBUTION, ETC. (IMPRINT)
Place of publication, distribution, etc Lahore :
Name of publisher, distributor, etc PLD Publishers,
Date of publication, distribution, etc 2016
300 ## - PHYSICAL DESCRIPTION
Extent 3 vols.
650 ## - SUBJECT ADDED ENTRY--TOPICAL TERM
Topical term or geographic name as entry element Civil law cases
942 ## - ADDED ENTRY ELEMENTS (KOHA)
Koha item type Law and Policy Journals
Holdings
Withdrawn status Lost status Damaged status Home library Current library Date acquired Full call number Barcode Date last seen Copy number Price effective from Koha item type
      UMT Main Campus UMT Main Campus 2017-07-27 346.00264095491 CIV- 111304 2017-07-27 V.1 2017-07-27 Books
      UMT Main Campus UMT Main Campus 2017-07-27 346.00264095491 CIV- 111305 2017-07-27 V.2 2017-07-27 Books
      UMT Main Campus UMT Main Campus 2017-07-27 346.00264095491 CIV- 111306 2018-10-10 V.3 2017-07-27 Books